Salomé / (Record no. 196088)

MARC details
000 -LEADER
campo de control de longitud fija 03649njm a2200697 i 4500
001 - NÚMERO DE CONTROL
campo de control 196088
003 - IDENTIFICADOR DE NÚMERO DE CONTROL
campo de control ES-MaACL
005 - FECHA Y HORA DE LA ÚLTIMA TRANSACCIÓN
campo de control 20250904042253.0
007 - CAMPO FIJO DE DESCRIPCIÓN FÍSICA--INFORMACIÓN GENERAL
campo de control de longitud fija sd*fsngnnmmned
008 - DATOS DE LONGITUD FIJA--INFORMACIÓN GENERAL
campo de control de longitud fija 240209s2006 sp opn d / ger
015 ## - NÚMERO DE BIBLIOGRAFÍA NACIONAL
Número de bibliografía nacional SON06
017 ## - NÚMERO DE COPYRIGHT O DE DEPÓSITO LEGAL
Número de copyright o de depósito legal M 48045-2006
Agencia que asigna Oficina Depósito Legal Madrid
020 ## - NÚMERO INTERNACIONAL ESTÁNDAR DEL LIBRO
Número Internacional Estándar del Libro 9788496832084
035 ## - NÚMERO DE CONTROL DEL SISTEMA
Número de control de sistema (OCoLC)431146425
035 ## - NÚMERO DE CONTROL DEL SISTEMA
Número de control de sistema (SpMaBN)a4555179
040 ## - FUENTE DE CATALOGACIÓN
Centro catalogador/agencia de origen SpMaBN
Lengua de catalogación spa
Centro/agencia transcriptor SpMaBN
Normas de descripción rdc
084 ## - OTRO NÚMERO DE CLASIFICACIÓN
Número de clasificación 5
Fuente del número MU
100 1# - ENTRADA PRINCIPAL--NOMBRE DE PERSONA
Nombre de persona Strauss, Richard,
Fechas asociadas al nombre 1864-1949
9 (RLIN) 240557
Término indicativo de función/relación Compositor
240 10 - TÍTULO UNIFORME
Título uniforme Salome
245 10 - MENCIÓN DEL TÍTULO
Título Salomé /
Mención de responsabilidad, etc. Strauss ; libreto de Richard Strauss
Medio [Grabación sonora]
260 ## - PUBLICACIÓN, DISTRIBUCIÓN, ETC.
Lugar de publicación, distribución, etc. Madrid :
Nombre del editor, distribuidor, etc. Prisa Innova,
Fecha de publicación, distribución, etc. D.L. 2006
264 ## - PRODUCCIÓN, PUBLICACIÓN, DISTRIBUCIÓN, FABRICACIÓN Y COPYRIGHT
Producción, publicación, distribución, fabricación y copyright ©2007
300 ## - DESCRIPCIÓN FÍSICA
Extensión 2 discos (CD Audio) +
Material acompañante/anejo 1 libro (76 páginas)
336 ## - TIPO DE CONTENIDO
Fuente rdacontent
Término de tipo de contenido música (interpretada)
337 ## - TIPO DE MEDIO
Fuente rdamedia
Nombre/término del tipo de medio audio
338 ## - TIPO DE SOPORTE
Fuente rdacarrier
Nombre/término del tipo de soporte volumen
490 1# - MENCIÓN DE SERIE
Mención de serie Los clásicos de la ópera, 400 años ;
Designación de volumen o secuencia 14
500 ## - NOTA GENERAL
Nota general Remasterizado
511 1# - NOTA DE PARTICIPANTES O INTÉRPRETES
Nota de participantes o intérpretes Christel Goltz, Julius Patzak, Margareta Kenney, Hans Braun, Anton Dermota, Else Schürhoff, Rudolf Christ, Hugo Meyer-Welfung, Kurt Preger, Murray Dickie, Franz Bierbach, Ludwig Weber, Harald Pröglhöf, Walter Berry, Herbert Alzen, Ljubomir Pantscheff, Hermann Gallos ; Orquesta Filarmónica de Viena ; Clemens Krauss, director musical.
518 ## - NOTA DE FECHA/HORA Y LUGAR DE UN ACONTECIMIENTO
Nota de fecha/hora y lugar de un acontecimiento Grabado en Viena en marzo de 1954
520 ## - RESUMEN, ETC.
Sumario, etc. Salome se estrenó en Dresde el 9 de diciembre de 1905, y fue, desde la primera representación, un éxito sin precedentes. Este "estudio de una obsesión", como lo definiera Michael Kennedy, posee, como la tragedia clásica, unidad de acción, de lugar y de tiempo: sus 105 minutos son exactamente lo que dura la historia. La opulencia de la masa orquestal convierte a Salome, según la aguda descripción de Gabriel Fauré, en un poema sinfónico con partes vocales añadidas. Los más de 100 instrumentos requeridos por Strauss consiguen fantásticos efectos de color tonal para reflejar, no solo cada acción de la escena, sino los pensamientos de cada personaje en el drama.
650 #7 - PUNTO DE ACCESO ADICIONAL DE MATERIA--TÉRMINO DE MATERIA
Término de materia o nombre geográfico como elemento de entrada Óperas-
9 (RLIN) 137584
Subdivisión de forma Libretos
655 #7 - TERMINO DE INDIZACIÓN--GENERO/FORMA
Datos o término principal de género/forma Libretos
Fuente del término
9 (RLIN) 242219
700 1# - ENTRADA AGREGADA--NOMBRE PERSONAL
Nombre de persona Strauss, Richard,
Fechas asociadas al nombre 1864-1949-
Título de la obra Salome-
Lenguaje de la obra Español-Alemán
9 (RLIN) 238140
Término indicativo de función/relación Librero
700 1# - ENTRADA AGREGADA--NOMBRE PERSONAL
Nombre de persona Goltz, Christel,
Fechas asociadas al nombre 1912-2008
9 (RLIN) 238141
Término indicativo de función/relación Intérprete
700 1# - ENTRADA AGREGADA--NOMBRE PERSONAL
Nombre de persona Patzak, Julius,
Fechas asociadas al nombre 1898-1974
9 (RLIN) 238142
Término indicativo de función/relación Intérprete
700 1# - ENTRADA AGREGADA--NOMBRE PERSONAL
Nombre de persona Kenney, Margareta
9 (RLIN) 238143
Término indicativo de función/relación Intérprete
700 1# - ENTRADA AGREGADA--NOMBRE PERSONAL
Nombre de persona Braun, Hans,
Fechas asociadas al nombre 1917-
9 (RLIN) 238144
Término indicativo de función/relación Intérprete
700 1# - ENTRADA AGREGADA--NOMBRE PERSONAL
Nombre de persona Dermota, Anton,
Fechas asociadas al nombre 1910-1989
9 (RLIN) 238145
Término indicativo de función/relación Intérprete
700 1# - ENTRADA AGREGADA--NOMBRE PERSONAL
Nombre de persona Schürhoff, Else
9 (RLIN) 238121
Término indicativo de función/relación Intérprete
700 1# - ENTRADA AGREGADA--NOMBRE PERSONAL
Nombre de persona Christ, Rudolf
9 (RLIN) 238146
Término indicativo de función/relación Intérprete
700 1# - ENTRADA AGREGADA--NOMBRE PERSONAL
Nombre de persona Meyer-Welfung, Hugo
Término indicativo de función/relación Intérprete
9 (RLIN) 240558
700 1# - ENTRADA AGREGADA--NOMBRE PERSONAL
Nombre de persona Preger, Kurt,
9 (RLIN) 238346
Fechas asociadas al nombre 1907-1960
Término indicativo de función/relación Intérprete
700 1# - ENTRADA AGREGADA--NOMBRE PERSONAL
Nombre de persona Dickie, Murray
Término indicativo de función/relación Intérprete
9 (RLIN) 240559
700 1# - ENTRADA AGREGADA--NOMBRE PERSONAL
Nombre de persona Bierbach, Franz
Término indicativo de función/relación Intérprete
9 (RLIN) 240560
700 1# - ENTRADA AGREGADA--NOMBRE PERSONAL
Nombre de persona Weber, Ludwig,
9 (RLIN) 238155
Fechas asociadas al nombre 1899-1979
Término indicativo de función/relación Intérprete
700 1# - ENTRADA AGREGADA--NOMBRE PERSONAL
Nombre de persona Pröglhöf, Harald
Término indicativo de función/relación Intérprete
9 (RLIN) 240561
700 1# - ENTRADA AGREGADA--NOMBRE PERSONAL
Nombre de persona Berry, Walter,
9 (RLIN) 238338
Fechas asociadas al nombre 1929-2000
Término indicativo de función/relación Intérprete
700 1# - ENTRADA AGREGADA--NOMBRE PERSONAL
Nombre de persona Alzen, Herbert
Término indicativo de función/relación Intérprete
9 (RLIN) 240562
700 1# - ENTRADA AGREGADA--NOMBRE PERSONAL
Nombre de persona Pantscheff, Ljubomir
Término indicativo de función/relación Intérprete
9 (RLIN) 240563
700 1# - ENTRADA AGREGADA--NOMBRE PERSONAL
Nombre de persona Gallos, Hermann
Término indicativo de función/relación Intérprete
9 (RLIN) 240564
700 1# - ENTRADA AGREGADA--NOMBRE PERSONAL
Nombre de persona Krauss, Clemens,
Fechas asociadas al nombre 1893-1954
9 (RLIN) 238147
Término indicativo de función/relación Director musical
710 2# - ENTRADA AGREGADA--NOMBRE DE ENTIDAD CORPORATIVA
Nombre de entidad corporativa o nombre de jurisdicción como elemento de entrada Wiener Philharmoniker
9 (RLIN) 239273
852 ## - LOCALIZACIÓN
Ubicación ES-MaACL
Sublocalización o colección R.155027
Ubicación en estantería Depósito J
Número de control de estantería N-9809
Donativo/Legado Donación: Miren Fernández
Encuadernación Encuadernación cartoné
Designación de la unidad física Volumen 14
itemnumber 205621
903 ## - NOMBRE PERSONAL DE DONANTE
a Fernández, Miren
e Donante
942 ## - ELEMENTOS DE ENTRADA SECUNDARIOS (KOHA)
Tipo de ítem Koha Libro impreso
Suprimir en OPAC No
Holdings
Estatus retirado Estado de pérdida Fuente del sistema de clasificación o colocación Estado de daño No para préstamo Biblioteca de origen Biblioteca actual Ubicación en estantería Fecha de adquisición Fuente de adquisición Total de préstamos Signatura topográfica completa Código de barras Visto por última vez Precio de reemplazo Tipo de ítem Koha
    Clasificación decimal universal     Biblioteca del Ateneo de Madrid Biblioteca del Ateneo de Madrid Depósito J 20/05/2025 Donación   N-9809 101230114 20/05/2025 20/05/2025 Libro impreso